Rekordy Polski w lekkoatletyce mężczyzn. - Statystyki

Ogólne statystyki
  • Ten quiz został rozwiązany 79 razy
  • Średni wynik to 12 z 22
Statystyki odpowiedzi
Hint Rok Odpowiedź % Poprawnych
Skok o tyczce - 6,02 2019 Piotr Lisek
94%
Rzut młotem - 83,93 2015 Paweł Fajdek
91%
Rzut dyskiem - 71,84 2013 Piotr Małachowski
82%
Bieg na 1500 m - 3:30,42 2021 Marcin Lewandowski
81%
Chód na 20 km - 1:18:22 2000 Robert Korzeniowski
79%
Chód na 50 km - 3:36:03 2003 Robert Korzeniowski
79%
Pchnięcie kulą - 22,32 2019 Michał Haratyk
75%
Skok wzwyż - 2,38 1996 Artur Partyka
68%
Bieg na 100 m - 10,00 1984 Marian Woronin
63%
Rzut oszczepem - 89,55 2021 Marcin Krukowski
62%
Bieg na 400 m przez płotki - 48,12 2007 Marek Plawgo
54%
Bieg na 110 m przez płotki - 13,25 2022 Damian Czykier
53%
Bieg na 200 m - 19,98 1999 Marcin Urbaś
51%
Dziesięciobój - 8566 pkt. 1998 Sebastian Chmara
47%
Bieg na 5000 m - 13:17,69 1976 Bronisław Malinowski
43%
Bieg na 3000 m z przeszkodami - 8:09,11 1976 Bronisław Malinowski
43%
Bieg na 800 m - 1:43,22 2001 Paweł Czapiewski
34%
Trójskok - 17,53 1985 Zdzisław Hoffmann
26%
Bieg na 400 m - 44,62 1999 Tomasz Czubak
24%
Maraton - 2:07:39 2012 Henryk Szost
21%
Skok w dal - 8,28 2001 Grzegorz Marciniszyn
10%
Bieg na 10000 m - 27:53,61 1978 Jerzy Kowol
4%
Nie znaleziono quizów pasujących do podanych kryteriów
Rozkład punktacji
Procent ludzi z każdym wynikiem
Percentyl według liczby udzielonych odpowiedzi
Twoja historia wyników
Nie rozwiązałeś tego quizu